00474nam a2200193Ia 450000500170000000800410001702000150005804100080007304300070008108200080008810000330009624500400012925000110016926000380018026000100021830000090022865000330023701000100027020250425161439.0250425s9999 xx 000 0 und d a2030205516 aspa afr a463 aGARCIA PELAYO Y GROSS, RAMON 0aPEQUEÑO LAROUSSE EN COLOR: TOMO 3 a1A ED. aFranciabEDICIONES LAROUSSEc1972 aPARIS a1564 aDICCIONARIOS Y ENCICLOPEDIAS a20562